| 000 | 00606nam a2200193 i 4500 | ||
|---|---|---|---|
| 001 | 35011 | ||
| 003 | ES-MaACL | ||
| 005 | 20230906155033.0 | ||
| 007 | t| | ||
| 008 | 030211s1972 sp ||||1| spa d | ||
| 100 | 1 |
_aBoorer, Michael. _930325 |
|
| 245 | 1 | 4 |
_aLos mamíferos / _cMichael Boorer ; ilustrado por John Beswick ; [traducción de Carlos M. Sánchez Rodrigo]. |
| 250 | _a[1ª ed.]. | ||
| 260 |
_aBarcelona : _bBruguera, _c1972. |
||
| 300 |
_a160 p. : _bil. ; _c18 cm. |
||
| 700 | 1 |
_aBeswick, John. _928627 |
|
| 700 | 1 |
_aSánchez Rodrigo, Carlos. _9102884 |
|
| 852 |
_aES-MaACL _jC-53379 _bR.85954 |
||
| 999 |
_c35011 _d35011 |
||